000 00568nam a2200181Ia 4500
008 090123s9999 xx 000 0 und d
082 _b12791
_a891.463/गोवारी
100 _aगोवारीकर दीपा गजानन
245 _aतडा
250 _a1
260 _bविशाखा प्रकाशन
_c1977
300 _a111
600 _aगोवारीकर दीपा गजानन
630 _aतडा
700 _aगोवारीकर दीपा गजानन
730 _aतडा
942 _cBOOK
999 _c50856
_d50856